| 000 | 01232nam0a22002891 4500 | ||
|---|---|---|---|
| 001 | rc\4513564 | ||
| 005 | 20250612104327.0 | ||
| 021 |
_aRU _b[65-58094] |
||
| 035 | _a(NLR Aleph) 008620710 | ||
| 090 |
_a8821336 _c8821336 |
||
| 100 | _a20130416d1965 |||y0rusy50 ca | ||
| 101 | 0 | _arus | |
| 102 | _aRU | ||
| 105 | _ay z ||||| | ||
| 200 | 1 | _aПролетарский интернационализм и современность | |
| 210 |
_aЛенинград _cЛениздат _d1965 |
||
| 215 |
_a87 с. _d20 |
||
| 225 | 1 |
_aМинистерство сельского хозяйства СССР. Ленинградский сельскохозяйственный институт. Ученые записки кафедр общественных наук _vФилос. выпуск |
|
| 300 | _aНа обл. только загл. серии | ||
| 300 | _aПеред загл. авт.: И.С. Кардашов, доц. канд. филос. наук | ||
| 606 |
_aПролетарский интернационализм _2psbo |
||
| 700 | 1 |
_aКардашов _bИ.С. _gИван Степанович |
|
| 801 | 0 |
_aRU _bNLR _gpsbo |
|
| 801 | 1 |
_aRU _bELAR _2rusmarc |
|
| 852 |
_aNLR _j65-4/12494 |
||
| 942 | _cBOOK | ||
| 980 | _aNB | ||